| 000 | 00587cab a2200229 4500 | ||
|---|---|---|---|
| 001 | ABS60283 | ||
| 008 | 090401t1999 xxu||||| |||| 00| 0 eng d | ||
| 035 | _a(Sirsi) u92267 | ||
| 041 | _aeng | ||
| 100 | _aHollis, M. | ||
| 245 | _aSurveying the surveyor | ||
| 260 | _c1999 | ||
| 350 | _a0 | ||
| 490 |
_aThe Valuer _v68(2) March/April 1999, 4-5(2) |
||
| 650 | _aBUILDING DEFECTS | ||
| 650 | _aBUILDING SURVEYS | ||
| 650 | _aRICS HOMEBUYER SURVEY AND VALUATION | ||
| 650 | _aSURVEYORS | ||
| 690 | _aBUILT ENVIRONMENT-BUILDING INSPECTION | ||
| 942 | _n0 | ||
| 948 | _c23/03/1999 | ||
| 999 |
_c58505 _d58505 |
||